| 000 | 01152cad a22002535a 4500 | ||
|---|---|---|---|
| 001 | E149497 | ||
| 008 | 100308s2009 xxko f 000 0 eng d | ||
| 020 | _a9781848060968 | ||
| 035 | _a(Sirsi) u149497 | ||
| 041 | 0 | _aeng | |
| 050 | 0 | 4 | _a693.82 $2 18 |
| 100 | 1 |
_aFraser-Mitchell, Jeremy _cDr |
|
| 245 | 0 | 0 |
_aOpen plan flat layouts _bassessing life safety in the event of fire _h[electronic resource] |
| 260 |
_aAmersham _bNHBC Foundation _c2009 |
||
| 300 |
_aviii, 76p. _bill. _c30cm. |
||
| 490 | 0 |
_aNF _v19 |
|
| 520 | _aDiscusses current requirements for fire safety in open plan flats with "inner rooms", and how to meet these standards with various fire safety systems. Suggests that sprinkler systems, used with enhanced fire detection systems, can help open plan flats to achieve good safety levels. | ||
| 521 | 2 | _aAdvanced | |
| 651 | 4 |
_aUnited Kingdom _y |
|
| 690 | _aMANAGEMENT-HEALTH AND SAFETY-FIRE SAFETY | ||
| 700 | 1 | _aWilliams, Corinne | |
| 856 | 4 | 0 |
_uhttps://www.nhbcfoundation.org/Researchpublications/Openplanflatlayout/tabid/394/language/en-GB/Default.aspx _zView the report free of charge at www.nhbcfoundation.org |
| 942 | _n0 | ||
| 999 |
_c110513 _d110513 |
||